Pays de l'UEFA Euro 2020 - Statistiques

Statistiques générales
  • Ce quiz a été pris 39 787 fois
  • Le résultat moyen est 20 sur 24
Statistiques - réponses
Groupe Équipe % Correct
F France
100%
A Italie
98%
F Portugal
98%
E Espagne
97%
F Allemagne
96%
D Angleterre
95%
A Suisse
94%
B Belgique
91%
E Suède
90%
C Pays-Bas
86%
D Croatie
85%
B Danemark
85%
F Hongrie
84%
E Pologne
83%
B Russie
83%
C Ukraine
82%
C Autriche
79%
A Turquie
77%
B Finlande
76%
E Slovaquie
72%
D République tchèque
71%
D Ecosse
69%
A Pays de Galles
66%
C Macédoine du Nord
54%
Aucun quiz correspondant
Distribution des résultats
% des personnes avec chaque résultat
Percentile par nombre de réponses
Votre historique - résultats
Vous n’avez pas pris ce quiz